Vedavikratilaksana-samgraha: A collection of twelve tracts on Vedavikratis and allied topics (Record no. 43671)

MARC details
000 -LEADER
fixed length control field 00456nam a2200145Ia 4500
008 - FIXED-LENGTH DATA ELEMENTS--GENERAL INFORMATION
fixed length control field 230917s9999||||xx |||||||||||||| ||und||
040 ## - CATALOGING SOURCE
-- 152112
Original cataloging agency VIVEKANANDA LIBRARY
041 ## - Language
-- English
082 ## - DDC NUMBER
Classification number 294.1 A49V
100 ## - MAIN ENTRY--PERSONAL NAME
Personal name Abhyankar, Kashinath Vasudev, ed.
245 #0 - TITLE STATEMENT
Title Vedavikratilaksana-samgraha: A collection of twelve tracts on Vedavikratis and allied topics
260 ## - PUBLICATION, DISTRIBUTION, ETC. (IMPRINT)
Place of publication, distribution, etc Pune
Name of publisher, distributor, etc Bhandarkar Oriental Research Institute
Date of publication, distribution, etc 1978
300 ## - PHYSICAL DESCRIPTION
Pages 167 p.
942 ## - ADDED ENTRY ELEMENTS (KOHA)
Koha item type Books
Holdings
Withdrawn status Lost status Damaged status Not for loan Location (home branch) Sublocation or collection (holding branch) Date acquired Koha issues (times borrowed) Koha full call number Accession No. Koha date last seen Koha item type
        VIVEKANANDA LIBRARY VIVEKANANDA LIBRARY 08/04/2010   294.1 A49V 110202 17/09/2023 Books
© Designed and Maintained by Vivekananda Library, MDU Rohtak